| 000 | 01203nam a2200277Ia 4500 | ||
|---|---|---|---|
| 003 | OSt | ||
| 005 | 20220923211006.0 | ||
| 006 | a|||||r|||| 00| 0 | ||
| 007 | ta | ||
| 008 | 220922b |||||||| |||| 00| 0 hin d | ||
| 020 |
_a8170167159 (hbk) _c500 |
||
| 024 | _a238,972 | ||
| 037 |
_b406, 23/03/2009, Swaraj Prakashan _cTextual |
||
| 040 |
_aARTS _cARTS _bhin |
||
| 041 |
_2hin _ahin |
||
| 082 | _aO157,3M76,SK, 152P8 | ||
| 100 |
_aचट्टोपाध्याय, शरत्चन्द्र; शर्मा, ओमप्रकाश, संपा. _9156924 |
||
| 245 | 0 | _aश्रीकान्त | |
| 246 | _aShrīkānta | ||
| 260 |
_aनयी दिल्ली _b किताबघर प्रकाशन _c2008 |
||
| 300 |
_a618पृ. _ccm. |
||
| 490 | _aसम्पूर्ण एंव असंक्षिप्त संस्करण | ||
| 650 |
_aबंगाली साहित्य _9156264 |
||
| 942 |
_hO157,3M76,SK, 152P8 _cTEXL _2CC |
||
| 999 |
_c293626 _d293626 |
||